000 00997nas a2200337 4500
001 BR0603226
003 BR-BrBNA
005 20231205110149.0
007 ta
008 230509b bl.|||p| |||| 00| 00por d
040 _aBR-BrBNA
_bpor
_cBiblioteca Nacional de Agricultura
041 _a(Pt)
072 _aJ11
100 1 _aMalgarim, M.B.
100 1 _aCantillano, R.F.F.
100 1 _aTreptow, R. de O.
100 1 _aSouza, E.L. de
100 1 _aCoutinho, E.F.
245 1 _aModificação da atmosfera na qualidade pós-colheita de ameixas cv. Reubennel
650 _aAMEIXA
650 _aPÓS-COLHEITA
650 _aATMOSFERA
650 _aQUALIDADE
650 _aANÁLISE SENSORIAL
650 _aARMAZENAMENTO
650 _aREFRIGERAÇÃO
650 _aPRESERVAÇÃO DE ALIMENTO
773 0 _tRevista Brasileira de Fruticultura (Brazil)
_xISSN 0100-2945
_g(Dec 2005), v. 27(3) p. 373-378
_wBR0603226
909 _a202311
_bLúcia
_c55
_dLúcia Elande
942 _2AGRIS
_n0
_cANA
999 _c186396
_d186396